00335nam a22001217a 4500003000400000008004100004020001800045082001600063100003200079245001600111260007700127300000900204OSt260219b |||||||| |||| 00| 0 eng d a9781591391111 a658.405 HAN aHarvard Business Essentials aNegotiation aUnited States of AmericabHarvard Business School Publishing Corporation a170p